Az olasz paedagógiai [!pedagógiai] múzeum

Elmentve itt :
Bibliográfiai részletek
Szerző: Vida Sándor
Dokumentumtípus: Cikk
Megjelent: 1911
Sorozat:Magyar pedagógia : a Magyar Tudományos Akadémia Pedagógiai Bizottságának folyóirata 20
Kulcsszavak:Oktatásügy Olaszország 20. sz., Pedagógiai múzeum, Olaszország oktatásügye
Online Access:http://misc.bibl.u-szeged.hu/8753
LEADER 00713nab a2200181 i 4500
001 misc8753
005 20191106143805.0
008 170607s1911 hu o 0|| hun d
022 |a 0025-0260 
040 |a SZTE Miscellanea Repozitórium  |b hun 
041 |a hun 
100 1 |a Vida Sándor 
245 1 3 |a Az olasz paedagógiai [!pedagógiai] múzeum  |h [elektronikus dokumentum] /  |c  Vida Sándor 
260 |c 1911 
300 |a 25-26 
490 0 |a Magyar pedagógia : a Magyar Tudományos Akadémia Pedagógiai Bizottságának folyóirata  |v 20 
695 |a Oktatásügy Olaszország 20. sz., Pedagógiai múzeum, Olaszország oktatásügye 
856 4 0 |u http://misc.bibl.u-szeged.hu/8753/1/mp_1911_1590_025-026.pdf  |z Dokumentum-elérés